Top Countries by Highest Suicide Rate - Statistics

General Stats
  • This quiz has been taken 208 times
    139 since last reset
  • The average score is 6 of 20
Answer Stats
*rates Hint Country % Correct
26.5 Europe Russia
83%
18.5 Europe Ukraine
64%
20.2 Asia South Korea
52%
21.4 Europe Belarus
50%
25.7 Europe Lithuania
49%
17.2 Europe Latvia
48%
16.5 Asia India
45%
17.3 Africa Nigeria
39%
30.2 Americas Guyana
33%
23.2 Americas Suriname
26%
28.9 Africa Lesotho
18%
16.7 Africa Swaziland
15%
22.8 Asia Kazakhstan
14%
20.0 Africa Uganda
13%
16.5 Americas Uruguay
13%
19.5 Africa Cameroon
12%
19.1 Africa Zimbabwe
12%
23.0 Africa Ivory Coast
11%
16.6 Africa Togo
11%
22.0 Africa Equatorial Guinea
3%
No matching quizzes found
Score Distribution
Percent of People with Each Score
Percentile by Number Answered
Your Score History
You have not taken this quiz since the last reset